Strength of materials and structural components
Special topic volume with invited peer reviewed papers only.
Saved in:
| Other Authors | , , , |
|---|---|
| Format | Electronic eBook |
| Language | English |
| Published |
Zurich, Switzerland :
Trans Tech Publications,
2019.
|
| Series | Key engineering materials ;
v. 820. |
| Subjects | |
| Online Access | Full text |
| ISBN | 3035735026 9783035735024 9781523127573 1523127570 9783035715026 3035715025 |
| Physical Description | 1 online resource (216 pages) |
Cover
| LEADER | 00000cam a2200000Ma 4500 | ||
|---|---|---|---|
| 001 | kn-on1120715232 | ||
| 003 | OCoLC | ||
| 005 | 20240717213016.0 | ||
| 006 | m o d | ||
| 007 | cr cn||||||||| | ||
| 008 | 190922s2019 sz o 000 0 eng d | ||
| 040 | |a YDX |b eng |e pn |c YDX |d N$T |d EBLCP |d OCLCF |d OCLCQ |d CUS |d OCLCO |d K6U |d OCLCQ |d OCLCO | ||
| 020 | |a 3035735026 |q (electronic bk.) | ||
| 020 | |a 9783035735024 |q (electronic bk.) | ||
| 020 | |a 9781523127573 | ||
| 020 | |a 1523127570 | ||
| 020 | |z 9783035715026 | ||
| 020 | |z 3035715025 | ||
| 035 | |a (OCoLC)1120715232 |z (OCoLC)1151948853 | ||
| 245 | 0 | 0 | |a Strength of materials and structural components / |c edited by Mohammed Abbadi, Redouane Kouddane, Mohammed Nouari and Rabie El-Otmani |
| 260 | |a Zurich, Switzerland : |b Trans Tech Publications, |c 2019. | ||
| 300 | |a 1 online resource (216 pages) | ||
| 336 | |a text |b txt |2 rdacontent | ||
| 337 | |a computer |b c |2 rdamedia | ||
| 338 | |a online resource |b cr |2 rdacarrier | ||
| 506 | |a Plný text je dostupný pouze z IP adres počítačů Univerzity Tomáše Bati ve Zlíně nebo vzdáleným přístupem pro zaměstnance a studenty | ||
| 520 | |a Special topic volume with invited peer reviewed papers only. | ||
| 590 | |a Knovel |b Knovel (All titles) | ||
| 650 | 0 | |a Elastoplasticity. | |
| 650 | 0 | |a Metals |x Elastic properties. | |
| 650 | 0 | |a Composite materials |x Elastic properties. | |
| 655 | 7 | |a elektronické knihy |7 fd186907 |2 czenas | |
| 655 | 9 | |a electronic books |2 eczenas | |
| 700 | 1 | |a Abbadi, Mohammed, |e editor. | |
| 700 | 1 | |a Kouddane, Redouane, |e editor. | |
| 700 | 1 | |a Nouari, Mohammed, |e editor. | |
| 700 | 1 | |a El-Otmani, Rabie, |e editor. | |
| 830 | 0 | |a Key engineering materials ; |v v. 820. | |
| 856 | 4 | 0 | |u https://proxy.k.utb.cz/login?url=https://app.knovel.com/hotlink/toc/id:kpSMSC0004/strength-of-materials?kpromoter=marc |y Full text |